|
|
|
|
| LEADER |
01166nam a2200277 a 4500 |
| 001 |
4222950 |
| 008 |
090901s1983 njua b 001 0 eng d |
| 999 |
|
|
|c 3431
|d 3431
|
| 010 |
|
|
|a \\\82003763
|
| 020 |
|
|
|a 0136290140
|
| 040 |
|
|
|a DLC
|c DLC
|d DLC
|
| 082 |
0 |
0 |
|a 373.1102
|2 19
|
| 100 |
1 |
|
|a Lorber, Michael A.,
|d 1941-
|9 31016
|
| 245 |
1 |
0 |
|a Objectives, methods, and evaluation for secondary teaching /
|c Michael A. Lorber and Walter D. Pierce.
|
| 250 |
|
|
|a 2nd ed.
|
| 260 |
|
|
|a Englewood Cliffs, N.J. :
|b Prentice-Hall,
|c 1983.
|
| 300 |
|
|
|a xvi, 287 p. :
|b ill. ;
|c 24 cm.
|
| 490 |
0 |
|
|a Prentice-Hall curriculum and teaching series
|
| 500 |
|
|
|a Rev. ed. of: Objectives and methods for secondary teaching / Walter D. Pierce.
|
| 504 |
|
|
|a Includes bibliographical references and index.
|
| 541 |
1 |
|
|e 00005106
|
| 650 |
|
0 |
|a High school teaching.
|9 31017
|
| 700 |
1 |
|
|a Pierce, Walter D.,
|d 1933-
|9 31018
|
| 852 |
4 |
|
|a Ayesha Abed Library
|j General shelf
|
| 942 |
|
|
|2 ddc
|c BK
|
| 952 |
|
|
|0 0
|1 0
|2 ddc
|4 0
|6 373_110200000000000_LOR_1983
|7 0
|9 3116
|a BRACUL
|b BRACUL
|c GEN
|d 2009-09-01
|g 0.00
|l 0
|o 373.1102 LOR
|p 3010005106
|r 2009-09-01
|t 1
|w 2009-09-01
|y BK
|x No price found in the accession register.
|